000 00578nam a2200217Ii 4500
003 JO-AjNU
008 230606s9999||||xx |||||||||||||| ||und||
017 _a2010/7065
020 _a977-5423-93-7
040 _aJO-AjNU
_beng
_erda
_cJO-AjNU
041 _aeng
050 1 4 _aGB1003.2 2010
100 3 _aAlsheikh,saeed Ahmed ,
_eauthor
_94345
245 0 0 _aHydrology
264 3 1 _aدار المعرفة، 2010
300 _a340p
336 _atext
_btxt
_2rdacontent
337 _aunmediated
_bn
_2rdamedia
338 _avolume
_bnc
_2rdacarrier
650 4 _aHydrology
_94346
999 _aE2258
_c2256
_d2256